000 00672nam a22002177a 4500
003 UA-OsUOA
001 37102
007 ta
008 20060223b un ||||| |||| 00| 0 ukr d
100 _aДепартамент зв'язків з громадскістю та масово-роз'яснювальної роботи ДПА
090 _a330
942 _cSA
040 _aUA-OsUOA
_bukr
_cUA-OsUOA
_dUA-OsUOA
245 _aХто має право на отримання податкового кредиту
300 _aС.8
955 _a0
041 _aukr
080 _a330
773 0 _w37101
650 7 _a330 Економіка взагалі
_2UDC
999 _c323318
_d323318